Statistiken für Größtes Land nach Kategorie

Klicken Sie hier um das Quiz zu spielen!

Allgemein

  • Dieses Quiz wurde 11.382 mal gespielt
  • Das Durchschnittsergebnis liegt bei 14 aus 22

Antwortstatistiken

KategorieLand% Korrekt
auf der WeltRussland
100%
in SüdamerikaBrasilien
99%
in NordamerikaKanada
99%
vollständig in AsienChina
90%
in AfrikaAlgerien
83%
vollständig in EuropaUkraine
80%
im Nahen OstenSaudi-Arabien
77%
spanischsprachigArgentinien
77%
Nachbarland der SchweizFrankreich
76%
vollständig auf karibischen Inseln gelegenKuba
72%
ohne LandgrenzenAustralien
69%
in Afrika - vor 2011Sudan
68%
in ZentralamerikaNicaragua
60%
BinnenstaatKasachstan
59%
Binnenstaat in AfrikaTschad
51%
Binnenstaat in EuropaBelarus
50%
mit dem Buchstaben P beginnendPeru
48%
an der ÄgäisTürkei
43%
vollständig nördlich von 50° NSchweden
39%
mit vier BuchstabenIran
32%
an das Arabische Meer angrenzendIndien
32%
Bevölkerung < 10 MillionenLibyen
10%

Verteilung der Resultate

Perzentil nach korrekt beantworteten Fragen

Anzahl Personen mit jedem Resultat

Ihre Resultats-Entwicklung

Sie haben dieses Quiz noch nicht gespielt